书目信息 |
| 题名: |
一看就是个新警察
|
|
| 作者: | 陈世旭 著 | |
| 分册: | ||
| 出版信息: | 长沙 湖南文艺出版社 2010.01 |
|
| 页数: | 406页 | |
| 开本: | 21cm | |
| 丛书名: | 中国新写实系列丛书 | |
| 单 册: | ||
| 中图分类: | I247.7 | |
| 科图分类: | ||
| 主题词: | 中篇小说--zhong pian xiao shuo--中国--当代--小说集 , 短篇小说--duan pian xiao shuo--中国--当代--小说集 | |
| 电子资源: | ||
| ISBN: | 978-7-5404-4433-4 | |
| 000 | 00958nam 2200265 450 | |
| 001 | 012010989421 | |
| 005 | 20100403152820.84 | |
| 010 | @a978-7-5404-4433-4@dCNY25.00 | |
| 100 | @a20100403d2010 em y0chiy0120 ea | |
| 101 | 0 | @achi |
| 102 | @aCN@b430000 | |
| 105 | @ay z 000ay | |
| 106 | @ar | |
| 200 | 1 | @a一看就是个新警察@Ayi kan jiu shi ge xin jing cha@f陈世旭等著@Fchen shi xu deng zhu |
| 210 | @a长沙@c湖南文艺出版社@d2010.01 | |
| 215 | @a406页@d21cm | |
| 225 | 2 | @a中国新写实系列丛书@Azhong guo xin xie shi xi lie cong shu |
| 330 | @a本书汇集11篇新写实优秀中短篇小说,包括《一看就是个新警察》、《关局长的发迹史》、《市长和女主持人》等。 | |
| 410 | 0 | @12001 @a中国新写实系列丛书 |
| 606 | 0 | @a中篇小说@Azhong pian xiao shuo@y中国@z当代@j小说集 |
| 606 | 0 | @a短篇小说@Aduan pian xiao shuo@y中国@z当代@j小说集 |
| 690 | @aI247.7@v4 | |
| 701 | 0 | @a陈世旭@Achen shi xu@4著 |
| 801 | 0 | @aCN@bQSSK@c20100403 |
| 905 | @b773307-09@dI247.7@eC567@f3 | |
| 一看就是个新警察/陈世旭等著.-长沙:湖南文艺出版社,2010.01 |
| 406页;21cm.-(中国新写实系列丛书) |
| ISBN 978-7-5404-4433-4:CNY25.00 |
| 本书汇集11篇新写实优秀中短篇小说,包括《一看就是个新警察》、《关局长的发迹史》、《市长和女主持人》等。 |
| ● |
| 相关链接 |
|
|
|
正题名:一看就是个新警察
索取号:I247.7/C567
 
预约/预借
| 序号 | 登录号 | 条形码 | 馆藏地/架位号 | 状态 | 备注 |
| 1 | 773307 | 207733078 | 文学库108/108文学库 58排2列5层/ [索取号:I247.7/C567] | 在馆 | |
| 2 | 773308 | 207733087 | 文学库108/108文学库 58排2列5层/ [索取号:I247.7/C567] | 在馆 | |
| 3 | 773309 | 207733096 | 文学库108/108文学库 58排2列5层/ [索取号:I247.7/C567] | 在馆 |